00812nam a22002412a 450000100060000000300080000600500170001400800410003103500190007204000320009104100080012308200290013110000290016024501150018926000480030430000190035250000540037150400400042550500110046565000300047665000250050674000390053135240BD-RjUL20211209052302.0161211s1972 ii b 000 0 eng d a(BD-RjUL)35334 aDLCcDLCdEQOdBD-RjULbeng aeng00a306.850954bSAS 19742231 aChatterji, Heramba Nath.10aStudies in the social background of the forms of marriage in ancient India /cby Heramba Chatterjee Śāstri aCalcutta :bSanskrit Pustak Bhandar,c1974. a623p. ;c23 cm aRunning title: Forms of marriage in ancient India aIncludes bibliographical references aV.2 -- 0aFamilieszIndiaxHistory. 0aMarriage (Hindu law)0 aForms of marriage in ancient India